000 00316nam a22001337a 4500
008 171018b xxu||||| |||| 00| 0 eng d
020 _a9780838909539
041 _aeng
080 _a338
100 _a53
101 _aMEN
245 _aFUNDAMENTALS OF TECHNICAL SERVICES MANAGEMENT
_cINTNER,SH,S
942 _2udc
_cBK
999 _c34763
_d34763